000 00516nam a2200181Ia 4500
001 16218
005 20260306170253.0
008 260306t2013||||xx |||||||||||||| ||und||
041 _aESP
082 _a347.5
_bG46
100 _aGimeno Ribes, Miguel
_eAUT
245 0 _aLa protección del comprador en la adquisición de empresa:
_bestudio comparado de los ordenamientos español y alemán
260 _c2013
300 _a232 páginas :
_c24 cm.
650 _aGEN
654 _aCDE
942 _cLIB
_dJUS
_fJUS
_2ddc
_n
999 _c16218
_d16218